000 00935nam a2200253Ia 4500
003 OSt
005 20220923220838.0
006 a|||||r|||| 00| 0
007 ta
008 220922b |||||||| |||| 00| 0 hin d
024 _a191,250
037 _cTextual
040 _aARTS
_cARTS
_bhin
041 _2hin
_ahin
082 _aV1:19.N7, 152L3.1-.2
100 _aसिन्हा, अरविंद नारायण
245 0 _aराष्ट्रराज्यो की परराष्ट्र नीति
246 _aRāṣhṭrarājyo kī pararāṣhṭra nīti
260 _aपटना
_b बिहार हिन्दी ग्रंथ अकादमी
_c1973
300 _a948पृ.
_ccm.
650 _aविश्व-इतिहास
942 _hV1:19.N7, 152L3.1-.2
_cTEXL
_2CC
999 _c343957
_d343957